La eneyda / (Record no. 167686)

MARC details
000 -LEADER
campo de control de longitud fija 01118nam a2200241 i 4500
001 - NÚMERO DE CONTROL
campo de control 167686
003 - IDENTIFICADOR DE NÚMERO DE CONTROL
campo de control ES-MaACL
005 - FECHA Y HORA DE LA ÚLTIMA TRANSACCIÓN
campo de control 20230906213556.0
008 - DATOS DE LONGITUD FIJA--INFORMACIÓN GENERAL
campo de control de longitud fija 981217s1793 sp |||| | spa d
040 ## - FUENTE DE CATALOGACIÓN
Centro catalogador/agencia de origen AN
Lengua de catalogación spa
Centro/agencia transcriptor AN
100 0# - ENTRADA PRINCIPAL--NOMBRE DE PERSONA
Nombre de persona Virgilio Marón, Publio.
9 (RLIN) 115452
245 13 - MENCIÓN DEL TÍTULO
Título La eneyda /
Mención de responsabilidad, etc. trad. en verso castellano por Gregorio Hernández de Velasco. y el Suplemento de la Eneyda compuesto por Mapheo Veggio ; trad. por el mismo Velasco ; con una tabla que contiene la declaración de varios vocablos dificultosos.
260 ## - PUBLICACIÓN, DISTRIBUCIÓN, ETC.
Lugar de publicación, distribución, etc. En Valencia :
Nombre del editor, distribuidor, etc. en la Oficina de D. Benito Monfort ... :
-- se hallará en la misma imprenta,
Fecha de publicación, distribución, etc. 1793.
300 ## - DESCRIPCIÓN FÍSICA
Extensión 2 v. ([8], 400, 426 p.) ;
Dimensiones 16 cm.
530 ## - NOTA DISPONIBLE DE FORMULARIO FÍSICO ADICIONAL
Nota de formato físico adicional disponible Disponible en formato digital.
597 ## - NOTA DE DESCRIPCIÓN FÍSICA
NOTA DE DESCRIPCIÓN FÍSICA Sign.: [ ]4, A-2B8 ; A-Z8, 2A-2C8, 2D5.
597 ## - NOTA DE DESCRIPCIÓN FÍSICA
NOTA DE DESCRIPCIÓN FÍSICA Antep.
700 1# - ENTRADA AGREGADA--NOMBRE PERSONAL
Nombre de persona Hernández de Velasco, Gregorio.
9 (RLIN) 127911
700 1# - ENTRADA AGREGADA--NOMBRE PERSONAL
Nombre de persona Veggio, Mapheo.
9 (RLIN) 133585
852 ## - LOCALIZACIÓN
Ubicación ES-MaACL
Número de control de estantería R-1001-02
Nota libre -- Enc. pasta española
Encuadernación -- Olim: G-9938-9
856 ## - LOCALIZACIÓN Y ACCESO ELECTRÓNICOS
Identificador Uniforme de Recursos <a href="http://bdh-rd.bne.es/viewer.vm?id=0000172132&page=1 ">http://bdh-rd.bne.es/viewer.vm?id=0000172132&page=1 </a>
Nota pública Biblioteca Digital Hispánica
Holdings
Estatus retirado Estado de pérdida Estado de daño No para préstamo Colección Biblioteca de origen Biblioteca actual Ubicación en estantería Fecha de adquisición Total de préstamos Signatura topográfica completa Código de barras Visto por última vez Precio de reemplazo Tipo de ítem Koha
        Colección digital Biblioteca del Ateneo de Madrid Biblioteca del Ateneo de Madrid Depósito 17/01/2008   R-1001-02 1175921 23/02/2023 23/02/2023 Libro impreso antiguo